Giáo trình du lịch văn hoá : Những vấn đề lý luận và nghiệp vụ

Tallennettuna:
Bibliografiset tiedot
Aineistotyyppi: Sách
Kieli:Undetermined
Julkaistu: Giáo dục 2016
Aiheet:
Tagit: Lisää tagi
Ei tageja, Lisää ensimmäinen tagi!
Thư viện lưu trữ: Trung tâm Thư viện - Trường Đại học Công nghiệp TP. Hồ Chí Minh
LEADER 00476nam a2200133Ia 4500
001 UIH_00274
008 230809s9999 xx 000 0 und d
082 |a 910.202 
245 0 |a Giáo trình du lịch văn hoá : Những vấn đề lý luận và nghiệp vụ 
260 |b Giáo dục 
260 |c 2016 
650 |a Di tích lịch sử;Du lịch; 
927 |a Sách 
980 |a Trung tâm Thư viện - Trường Đại học Công nghiệp TP. Hồ Chí Minh